000 00693nam a2200217Ia 4500
003 GCL
008 140319s9999 xx 000 0 ara d
040 _aGCL /
_cGCL
082 0 4 _a929.7
_bب ط
100 1 _aمكى طاهر الكعبى
245 1 0 _aطبقات سلاطين الاسلام /
_cمكى طاهر الكعبى
700 1 _aبول، استانلى لين
260 _aبيروت :
_bالدار العالمية للنشر والتوزيع ،
_c1986
300 _a328 ص ؛
_c24 سم
490 _a
650 0 4 _aالتاريخ الاسلامى
650 0 4 _aالانساب العربية
650 0 4 _aالسلاطين
650 0 4 _aالانساب
942 _2ddc
_cBK
999 _c37949
_d37949